000 01646nam0a2200373 4500
001 RU\NLR\BIBL_A\022598925
005 20251127142617.0
010 _a978-5-7659-1422-9
_9500
021 _aRU
_bКН-П-25-030068
_9КН-П-25-2969
035 _a(NLR Aleph) 022598925
090 _a13471625
_c13471625
100 _a20250809d2025 e y0rusy50 ca
101 0 _apem
102 _aRU
105 _aac z 000 y
181 0 _ai
_baxxe
182 0 _an
200 1 _aКоми-пермяцкӧй литература
_e8 класс понда велӧтчан небӧг
_fМатвеева Е. М., Петрова И. Г., Селина Л. И., Томилина Л. И.
_gхудожник А. А. Константинова
203 _aТекст
_bвизуальный
_cнепосредственный
210 _aИжевск
_cУдмуртия
_d2024
215 _a293, [2] с.
_cцв. ил., портр.
_d22
300 _aНа обл. авт. не указан
541 1 _aРодная (коми-пермяцкая) литература
_eучебн. пособие для 8 кл.
686 1 _aШ5(2=Ко)я721-1
686 1 _aШ166.422-942.2
701 1 _aМатвеева
_bЕ. М.
_gЕлена Михайловна
_4070
701 1 _aПетрова
_bИ. Г.
_gИрина Геннадьевна
_4070
701 1 _aСелина
_bЛ. И.
_gЛюдмила Ивановна
_4070
701 1 _aТомилина
_bЛ. И.
_gЛюдмила Ильинична
_4070
702 1 _aКонстантинова
_bА. А.
_4040
852 _aNLR
_bОНЛ
_jКоми-з./3-2894
942 _cBOOK
980 _aNB